000 00296nam a22001337a 4500
008 171020b xxu||||| |||| 00| 0 eng d
020 _a0835930750
041 _aeng
080 _a338
100 _a54
101 _aMIS
245 _aINFORMATION MANAGEMENT SYSTEMS
_cWALSH,M.E
942 _2udc
_cBK
999 _c35099
_d35099